000
00322nam a22001457a 4500
003
SGT
020
_a
9780670089369
082
_a
320
_b
D16G
100
_a
GUHA, RAMCHANDRA
245
_a
DEMOCRATS AND DISSENTERS
260
_a
INDIA
_b
PENGUIN BOOKS
_c
2016
300
_a
317
650
_a
INDIAN POLITICS
942
_2
ddc
_c
BK
999
_c
26287
_d
26287